PISA 2015 results excellence and equity in education

Salvato in:
Dettagli Bibliografici
Natura: Libro
Lingua:inglese
Pubblicazione: Paris OECD 2016
Serie:PISA
Soggetti:
Tags: Aggiungi Tag
Nessun Tag, puoi essere il primo ad aggiungerne!!

MARC

LEADER 00000nam a2200000 4500
001 0234184
005 20240314123411.8
020 |a 978-92-64-26732-9 
041 0 |a eng 
044 |a FR 
245 1 0 |a PISA 2015 results  |b excellence and equity in education 
264 1 |a Paris  |b OECD  |c 2016 
300 |a 489 s. 
490 1 |a PISA 
830 0 |a PISA 
610 2 0 |a školstvo 
610 2 0 |a vzdelávanie 
610 2 0 |a veda 
610 2 0 |a matematika 
610 2 0 |a študenti 
610 2 0 |a motivácia 
610 2 0 |a výkony pracovné 
610 2 0 |a situácia sociálna 
610 2 0 |a kariéra 
610 2 0 |a imigrácia 
610 2 0 |a vedomosti 
610 2 0 |a ukazovatele 
610 2 0 |a porovnanie štatistické medzinárodné